Normal view
MARC view
Entry Personal Name
001 - CONTROL NUMBER
- control field: 22944
003 - CONTROL NUMBER IDENTIFIER
- control field: ARRUPE
005 - DATE AND TIME OF LATEST TRANSACTION
- control field: 20160315150220.0
008 - FIXED-LENGTH DATA ELEMENTS
- fixed length control field: 160315|| aca||aabn | a|a d
040 ## - CATALOGING SOURCE
- Original cataloging agency: ARRUPE
- Transcribing agency: ARRUPE
100 ## - HEADING--PERSONAL NAME
- Personal name: Snyder, Glenn E.
670 ## - SOURCE DATA FOUND
- Source citation: Work cat.: (ARRUPE)0: Bovon, François. 22941, New Testament and Christian Apocrypha /, 2011.